000 02423nam a2200289 i 4500
003 IT-RoINE
005 20200721051301.0
008 900725m19651972sp |r 1|||spa|d
040 _aSpMaBN
_cA2 IT-RoINE
_dIT-RoINE
245 1 0 _aDocumentos del reinado de Fernando VII /
_cIntroducción Federico Suárez y Ana Mª Berazaluce.
260 _aPamplona :
_bUniversidad de Navarra,
_c1965-1972.
300 _a8 t. en 22 v. ;
_c22 cm.
336 _2rdacontent
_atext
337 _2rdamedia
_aunmediated
338 _2rdacarrier
_avolume
490 1 _aColección historica de la Universidad de Navarra ;
_v10, 14, 16, 20, 22, 23, 26
500 _aIncluye índices.
500 _aPrecede al tít.: Seminario de historia moderna.
504 _aIncluye referencias bibliográficas.
505 0 _aV. 1.1. Real Caja de amortización -- V. 1.2. Apéndices. -- V. 2. Informes sobre el estado de España (1825). -- V. 3.1. Arias Teijeiro. Diarios (1828-1831). -- V. 3.2. Arias Teijeiro. Diarios (1828-1831). -- V. 3.3. Arias Teijeiro. Diarios (1828-1831). -- V. 4.1. Martín de Garay y la reforma de la hacienda (1817). -- V. 4.2. Martín de Garay y la reforma de la hacienda (1817). -- V. 5.1. Pedro Sainz de Andino. Escritos. -- V. 5.2. Pedro Sainz de Andino. Escritos. -- V. 5.3. Pedro Sainz de Andino. Escritos (Con un apéndice sobre la creación del Ministerio del Interior) V. 6.1. L. López Ballesteros y su gestión al frente de la Real Hacienda (1823-1832). -- V. 6.2. L. López Ballesteros y su gestión al frente de la Real Hacienda (1823-1832). -- V. 6.3. L. López Ballesteros y su gestión al frente de la Real Hacienda (1823-1832). -- V. 6.4. L. López Ballesteros y su gestión al frente de la Real Hacienda (1823-1832). -- V. 6.5. L. López Ballesteros y su gestión al frente de la Real Hacienda (1823-1832). -- V. 7. El Consejo de Estado (1792-1834). -- V. 8.1. Los agraviados de Cataluña. -- V. 8.2. Los agraviados de Cataluña. -- V. 8.3. Los agraviados de Cataluña. -- V. 8.4. Los agraviados de Cataluña. -- V. 8.5. Los agraviados de Cataluña.
651 4 _aEspaña
_xHistoria
_y1814-1833 (Fernando VII)
_xFuentes
_942132
700 1 _aBerazaluce, Ana María
_942133
710 2 _aUniversidad de Navarra (Pamplona, España)
_91074
700 1 _94072
_aSuárez, Federico,
_d1917-2005
830 0 _aColección histórica (Universidad de Navarra) ;
_913605
_v14, 16, 20, 22, 23, 26
942 _cMTS
999 _c21452
_d21452